[Event "Quebec op U2000"]
[Site "Montreal"]
[Date "2016.07.27"]
[Round "6.28"]
[White "Filiatreault, Marc"]
[Black "Messier, David"]
[Result "0-1"]
[WhiteElo "1871"]
[BlackElo "1719"]
[PlyCount "106"]
[EventDate "2016.07.23"]
[EventType "swiss"]
[EventRounds "8"]
[EventCountry "CAN"]
[SourceTitle "EXT 2022"]
[Source "ChessBase"]
[SourceDate "2021.10.06"]
[SourceVersion "1"]
[SourceVersionDate "2021.10.06"]
[SourceQuality "1"]

1. e4 d5 2. exd5 Nf6 3. d4 Nxd5 4. Nf3 g6 5. c4 Nb6 6. Nc3 Bg7 7. Be2 0-0 8. 0-0 Bg4 9. h3 Be6 10. d5 Bc8 11. Qb3 c6 12. Rd1 Qe8 13. Be3 cxd5 14. cxd5 e6 15. Bb5 N6d7 16. dxe6 Qxe6 17. Bc4 Qf5 18. Nd5 Nc6 19. Bb5 Nde5 20. Nd4 Qh5 21. Bxc6 bxc6 22. Ne7+ Kh8 23. Nexc6 Bxh3 24. Nxe5 Bxe5 25. gxh3 Qxh3 26. f3 Rab8 27. Qc2 Rfc8 28. Qe2 Kg8 29. Rac1 Qg3+ 30. Kf1 Qh4 31. Rxc8+ Rxc8 32. Qf2 Qh1+ 33. Ke2 Qh3 34. f4 Bg7 35. Rd2 Rc1 36. Nf3 Qe6 37. a3 Qc4+ 38. Rd3 Bxb2 39. Nd2 Rc2 40. a4 a6 41. Qf3 Qxa4 42. Rd8+ Kg7 43. Kf2 Bf6 44. Rd6 Qb4 45. Qd5 Qb5 46. Qe4 Bh4+ 47. Kg2 Qe2+ 48. Kh3 Qh5 49. Rd5 Bg5+ 50. Kg3 Qh4+ 51. Kf3 Qh1+ 52. Kg4 h5+ 53. Kg3 Bh4# 0-1

[Event "Quebec op U2000"]
[Site "Montreal"]
[Date "2012.07.22"]
[Round "3"]
[White "Messier, David"]
[Black "Autotte, Daniel"]
[Result "0-1"]
[WhiteElo "1699"]
[BlackElo "1796"]
[PlyCount "72"]
[EventDate "2012.07.21"]
[EventType "swiss"]
[EventRounds "9"]
[EventCountry "CAN"]
[SourceTitle "EXT 2022"]
[Source "ChessBase"]
[SourceDate "2021.10.06"]
[SourceVersion "1"]
[SourceVersionDate "2021.10.06"]
[SourceQuality "1"]

1. e4 e6 2. d4 d5 3. e5 c5 4. c3 Nc6 5. Nf3 cxd4 6. cxd4 Qb6 7. Be2 Nge7 8. Na3 Nf5 9. Nc2 Be7 10. 0-0 Bd7 11. a3 Na5 12. b4 Nb3 13. Rb1 Nxc1 14. Rxc1 Ba4 15. Qd2 0-0 16. Ne3 Nh4 17. Nxh4 Bxh4 18. g3 Be7 19. h4 Rfc8 20. h5 f6 21. Ng4 f5 22. Nh2 Bb5 23. Bxb5 Qxb5 24. g4 fxg4 25. Nxg4 Qe8 26. Qe2 Bg5 27. f4 Rxc1 28. Rxc1 Bxf4 29. Rc7 Rc8 30. Nf6+ gxf6 31. Qg4+ Bg5 32. Rxc8 Qxc8 33. exf6 Qc1+ 34. Kg2 Qd2+ 35. Kh3 Qe3+ 36. Kg2 Qe4+ 0-1

[Event "Montreal Mini-COQ"]
[Site "Montreal"]
[Date "2011.07.24"]
[Round "2"]
[White "Messier, David"]
[Black "Thibault, David"]
[Result "1-0"]
[WhiteElo "1635"]
[BlackElo "1644"]
[PlyCount "31"]
[EventDate "2011.07.23"]
[EventType "swiss"]
[EventRounds "4"]
[EventCountry "CAN"]
[SourceTitle "EXT 2022"]
[Source "ChessBase"]
[SourceDate "2021.10.06"]
[SourceVersion "1"]
[SourceVersionDate "2021.10.06"]
[SourceQuality "1"]

1. e4 e5 2. f4 exf4 3. Bc4 Qh4+ 4. Kf1 Bc5 5. d4 Bb6 6. Nf3 Qh5 7. Bxf4 Ne7 8. Nc3 0-0 9. Kf2 Qg4 10. Be3 d6 11. h3 Qg6 12. Rf1 h6 13. Nh4 Qf6+ 14. Kg3 Nf5+ 15. Nxf5 d5 16. Nxh6+ 1-0

[Event "Niort op-B"]
[Site "Niort"]
[Date "2002.09.29"]
[Round "4"]
[White "Messier, David"]
[Black "Barlet, Jean Sebastien"]
[Result "1-0"]
[WhiteElo "1760"]
[BlackElo "1300"]
[PlyCount "71"]
[EventDate "2002.09.28"]
[EventType "swiss"]
[EventRounds "6"]
[EventCountry "FRA"]
[SourceTitle "EXT 2004"]
[Source "ChessBase"]
[SourceDate "2003.11.25"]
[SourceVersion "1"]
[SourceVersionDate "2003.11.25"]
[SourceQuality "1"]

1. e4 c5 2. Nc3 e5 3. g3 a6 4. a4 d6 5. Bg2 Nc6 6. d3 Nd4 7. Nge2 Bg4 8. h3 Nf3+ 9. Kf1 Bxh3 10. Rxh3 Nd4 11. Nxd4 cxd4 12. Nd5 Rc8 13. c4 h6 14. a5 Be7 15. Qa4+ Rc6 16. Nb4 Qd7 17. Nxc6 bxc6 18. b4 Bf6 19. Rb1 Ne7 20. Rh2 Qg4 21. b5 0-0 22. bxc6 Nxc6 23. Bxh6 gxh6 24. Qxc6 Qg5 25. Ke2 Be7 26. Rbh1 Kg7 27. Rh5 Qf6 28. Rxh6 Qg5 29. Rh7+ Kg8 30. Rh8+ Kg7 31. Rxf8 Bxf8 32. Qxa6 Kg6 33. Qc8 Bh6 34. Qf5+ Kg7 35. Qxg5+ Bxg5 36. a6 1-0

[Event "Niort op-B"]
[Site "Niort"]
[Date "2002.09.28"]
[Round "1"]
[White "Chenault, Francois"]
[Black "Messier, David"]
[Result "0-1"]
[WhiteElo "1499"]
[BlackElo "1760"]
[PlyCount "42"]
[EventDate "2002.09.28"]
[EventType "swiss"]
[EventRounds "6"]
[EventCountry "FRA"]
[SourceTitle "EXT 2004"]
[Source "ChessBase"]
[SourceDate "2003.11.25"]
[SourceVersion "1"]
[SourceVersionDate "2003.11.25"]
[SourceQuality "1"]

1. e4 Nf6 2. e5 Nd5 3. c4 Nb6 4. c5 Nd5 5. d4 d6 6. Nf3 dxc5 7. dxc5 e6 8. Bd3 Bxc5 9. Ng5 Bb4+ 10. Kf1 Be7 11. h4 h6 12. Qh5 Bxg5 13. hxg5 Nc6 14. f4 Nxf4 15. Bxf4 Qxd3+ 16. Kg1 Qd4+ 17. Kh2 Qxf4+ 18. Kg1 Qe3+ 19. Kh2 Qxe5+ 20. Kg1 Qe3+ 21. Kh2 g6 0-1